[Event "AUTO-OPEN-3150"]
[Site "http://www.queenalice.com/game.php?id=1242697"]
[Date "2013.12.25"]
[Round "1"]
[White "PeGaPraCaPa"]
[Black "XaraX"]
[Result "0-1"]
[WhiteElo "1750"]
[BlackElo "1973"]

1. e4 e5 2. Nf3 Nc6 3. Bb5 Nge7 4. c3 g6 5. d4 Bg7 6. O-O O-O 7. d5 a6 8. Bd3 d6
9. Be2 Na7 10. a4 Bg4 11. Bg5 c6 12. dxc6 bxc6 13. Bxe7 Qxe7 14. Nfd2 Bxe2 15.
Qxe2 Qb7 16. b4 Nc8 17. a5 Ne7 18. Nc4 Rad8 19. Nb6 Nc8 20. Qe3 Nxb6 21. Qxb6
Rb8 22. Na3 Qxb6 23. axb6 Rxb6 24. Nc2 f5 25. Rfe1 fxe4 26. Ne3 d5 27. Nc2 d4
28. Rxe4 dxc3 29. f3 Rd8 30. Ne3 Rd4 31. h4 Rdxb4 32. Kh2 Rxe4 33. fxe4 Bh6 34.
Nc4 Rb4 35. Nxe5 Bf4+ 36. g3 Bxe5 37. Rc1 Rb2+ 38. Kh3 Re2 39. h5 c2 40. hxg6
hxg6 41. Kg4 Bb2 42. Rxc2 Rxc2 43. Kg5 Re2 44. Kxg6 Rxe4 45. Kg5 a5 46. Kf5 Re5+
47. Kf4 a4 0-1

[Event "AUTO-OPEN-3150"]
[Site "http://www.queenalice.com/game.php?id=1242712"]
[Date "2013.12.25"]
[Round "1"]
[White "PeGaPraCaPa"]
[Black "MarTraM"]
[Result "0-1"]
[WhiteElo "1720"]
[BlackElo "2365"]

1. e4 e5 2. Nf3 Nc6 3. Bb5 Nge7 4. Nc3 g6 5. O-O Bg7 6. Re1 O-O 7. a3 a6 8. Ba4
b5 9. Bb3 Nd4 10. Nd5 Nxb3 11. cxb3 Nxd5 12. exd5 d6 13. Re4 Bb7 14. Rh4 f5 15.
d3 f4 16. g4 Bxd5 17. g5 Bxf3 18. Qxf3 Qxg5+ 19. Rg4 Qf5 20. h4 Qe6 21. Rg5 Qxb3
22. h5 Rf5 23. Qxa8+ Bf8 24. Rxf5 gxf5 25. Qg2+ Kf7 26. Qh3 Kf6 27. Qf3 Bh6 28.
Kg2 Qg8+ 29. Kh1 Qb3 30. Qe2 e4 31. Qd2 Ke6 32. Qe2 Kd7 33. Kh2 exd3 34. Qf3 c6
35. Qh3 Qd5 36. Bd2 Bg7 37. Rd1 f3 38. b3 c5 39. Ba5 Bf6 40. Kh1 c4 41. bxc4
bxc4 42. Bb4 c3 43. Qf1 c2 44. Rc1 d2 45. Bxd2 Qxd2 46. a4 Qh6 47. Rxc2 Qxh5+
48. Kg1 Qg4+ 49. Kh1 Be5 50. Rc7+ Kxc7 51. Qc1+ Kd7 52. Qc6+ Kxc6 0-1

[Event "AUTO-OPEN-3150"]
[Site "http://www.queenalice.com/game.php?id=1242713"]
[Date "2013.12.25"]
[Round "1"]
[White "MarTraM"]
[Black "PeGaPraCaPa"]
[Result "1-0"]
[WhiteElo "2364"]
[BlackElo "1722"]

1. d4 Nf6 2. c4 e5 3. dxe5 Ng4 4. Nf3 Nc6 5. Bf4 Bb4+ 6. Nc3 Qe7 7. Qb3 Qc5 8.
e3 d5 9. a3 Ba5 10. cxd5 Bxc3+ 11. Qxc3 Qxd5 12. Bc4 Qd8 13. h3 Nh6 14. Bxh6
gxh6 15. e6 f6 16. O-O Qe7 17. Bb5 O-O 18. Bxc6 bxc6 19. Qxc6 Bxe6 20. Rac1 Rfc8
21. Nd4 Bd7 22. Qd5+ Kf8 23. Qc5 c6 24. Qxe7+ Kxe7 25. Rc5 Kf7 26. Rfc1 Rg8 27.
Rh5 Kg6 28. g4 Raf8 29. Ra5 Ra8 30. Nxc6 Bxc6 31. Rxc6 Rgd8 32. Rc7 Rdc8 33.
Raxa7 Rxa7 34. Rxa7 Rc5 35. b4 Rb5 36. Ra5 Rb6 37. b5 Kg5 38. a4 Rd6 39. Ra6 Rd7
40. b6 h5 41. Ra7 Rd1+ 42. Kg2 Rb1 43. a5 h4 44. b7 h5 45. gxh5 Kxh5 46. a6 Kg6
47. Ra8 1-0

[Event "Challenge"]
[Site "http://www.queenalice.com/game.php?id=1247018"]
[Date "2014.1.10"]
[Round "-"]
[White "szybkielanie"]
[Black "PeGaPraCaPa"]
[Result "1-0"]
[WhiteElo "1819"]
[BlackElo "1718"]

1. e4 e5 2. Nf3 Nc6 3. d4 Qf6 4. Bc4 Qd6 5. O-O Be7 6. Nc3 Bf6 7. Nb5 Qb4 8.
Nxc7+ Kd8 9. Nxa8 Qxc4 10. dxe5 Nxe5 11. Nxe5 Bxe5 12. Be3 b6 13. Bxb6+ axb6 14.
Nxb6 Qc6 15. Nxc8 Qxc8 16. c3 Qb7 17. Qd5 Qxd5 18. exd5 Nf6 19. Rfd1 Re8 20. g3
g5 21. Rab1 Kc7 22. c4 Bd6 23. b4 Ra8 24. c5 Bf8 25. Rd2 Rb8 26. Rbb2 Ne4 27.
Rdc2 Bg7 28. Rb3 f5 29. b5 d6 30. b6+ Kc8 31. cxd6+ Kd8 32. d7 Rb7 33. Rc7 Rxb6
34. Rxb6 Kxc7 35. Rb7+ Kd8 36. Rb8+ Kxd7 37. Rb7+ Kd6 38. Rxg7 h5 39. f3 Nd2 40.
Kf2 g4 41. a4 Nc4 42. Rg5 gxf3 43. Rxf5 Na5 44. Kxf3 Nb3 45. Rxh5 1-0

[Event "AUTO-OPEN-3167"]
[Site "http://www.queenalice.com/game.php?id=1248616"]
[Date "2014.1.16"]
[Round "1"]
[White "Aspayne"]
[Black "PeGaPraCaPa"]
[Result "1-0"]
[WhiteElo "2022"]
[BlackElo "1718"]

1. e4 e5 2. Nf3 Nc6 3. Nc3 Nf6 4. Nxe5 Nxe5 5. d4 Bb4 6. dxe5 Bxc3+ 7. bxc3 Nxe4
8. Qd4 f5 9. exf6 gxf6 10. Qxe4+ Kf7 11. Bc4+ d5 12. Qxd5+ Qxd5 13. Bxd5+ Kg7
14. O-O c6 15. Bb3 b6 16. Bb2 a5 17. a4 h5 18. Rae1 Ra7 19. Re3 h4 20. Rfe1 Kg6
21. c4 c5 22. c3 Rg8 23. Bc1 Kh5 24. Bc2 Rag7 25. g3 Bh3 26. Re4 hxg3 27. hxg3
Bg4 28. Kg2 f5 29. Re6 Rg6 30. Rh1+ Bh3+ 31. Rxh3+ 1-0

[Event "AUTO-OPEN-3167"]
[Site "http://www.queenalice.com/game.php?id=1248617"]
[Date "2014.1.16"]
[Round "1"]
[White "PeGaPraCaPa"]
[Black "Aspayne"]
[Result "0-1"]
[WhiteElo "1758"]
[BlackElo "2064"]

1. e4 c6 2. Bc4 d5 3. exd5 cxd5 4. Bb5+ Bd7 5. Qe2 Qb6 6. Bxd7+ Nxd7 7. c4 d4 8.
Nf3 e6 9. Ng5 Be7 10. Ne4 Ngf6 11. b3 O-O 12. d3 Nxe4 13. Qxe4 Bf6 14. Nd2 Nc5
15. Qf3 e5 16. O-O Rae8 17. Ba3 Be7 18. Bxc5 Bxc5 19. Rfe1 Bb4 20. Re2 Qh6 21.
Rd1 Re7 22. Ne4 Qf4 23. Qh3 f5 24. g3 Qg4 25. Qxg4 fxg4 26. c5 h6 27. Rc2 Rc8
28. Rc4 a5 29. Rdc1 Rc6 30. Kg2 Rec7 31. f4 exf4 32. gxf4 Kh7 33. f5 h5 34. Kg3
Kh6 35. Kf4 g5+ 36. Ke5 Bc3 37. Nd6 Rxc5+ 38. Rxc5 Rxc5+ 39. Ke6 Rc6 40. f6 Kg6
41. Rf1 Bb4 42. Ke5 Bxd6+ 43. Kd5 Bf4 44. a4 Rxf6 45. Rf2 h4 46. Rg2 g3 47. h3
g4 48. Kxd4 gxh3 49. Rxg3+ hxg3 0-1

[Event "AUTO-OPEN-3167"]
[Site "http://www.queenalice.com/game.php?id=1248636"]
[Date "2014.1.16"]
[Round "1"]
[White "rich"]
[Black "PeGaPraCaPa"]
[Result "1-0"]
[WhiteElo "2187"]
[BlackElo "1737"]

1. e4 e5 2. Nf3 Nc6 3. Bb5 d6 4. d4 Bd7 5. Nc3 Bg4 6. d5 a6 7. dxc6 axb5 8. cxb7
Ra7 9. Nxb5 Rxb7 10. Nc3 c6 11. h3 Bxf3 12. Qxf3 Rb4 13. O-O h6 14. b3 Nf6 15.
Ba3 Rd4 16. Bc1 Rb4 17. a3 Qa8 18. Bxh6 Rb6 19. Be3 Rb7 20. Bg5 Nd7 21. Qe3 f6
22. f4 d5 23. Qf3 Qa7+ 24. Kh1 fxg5 25. fxg5 Nc5 26. exd5 Rf7 27. Qxf7+ Qxf7 28.
Rxf7 Kxf7 29. dxc6 Bd6 30. Nb5 Ke7 31. Rd1 Ne4 32. Kg1 Rc8 33. Rd5 Rxc6 34. c4
Nxg5 35. Nxd6 Ke6 36. Nb5 Kf6 37. Rd6+ Rxd6 38. Nxd6 Ne6 39. b4 Ke7 40. c5 Kd7
41. Kf2 Nd4 42. a4 Nc6 43. b5 Na5 44. Ke3 Nb3 45. Ne4 Kc7 46. Kd3 Na5 47. Kc3
Nb7 48. Kb4 Nd8 49. a5 Ne6 50. a6 Nd8 51. b6+ Kc6 52. Nd6 Ne6 53. a7 Nxc5 54.
a8=Q+ Nb7 55. Qxb7+ Kxd6 56. Qc7+ Kd5 57. b7 e4 58. b8=Q 1-0

[Event "AUTO-OPEN-3167"]
[Site "http://www.queenalice.com/game.php?id=1248637"]
[Date "2014.1.16"]
[Round "1"]
[White "PeGaPraCaPa"]
[Black "rich"]
[Result "0-1"]
[WhiteElo "1731"]
[BlackElo "2189"]

1. e4 e5 2. Nc3 Nf6 3. Nf3 Nc6 4. a3 d5 5. Bb5 d4 6. Ne2 Bd7 7. d3 Bd6 8. Bg5 h6
9. Bxf6 Qxf6 10. Qd2 a6 11. Bc4 Be6 12. Bd5 O-O 13. O-O-O Bxd5 14. h4 Be6 15.
Rdg1 Bg4 16. Rh2 Ne7 17. Ng5 Qxf2 18. Re1 Bxe2 19. Rxe2 Qg1+ 20. Re1 Qxh2 21.
Nf3 Qg3 22. Rh1 Ng6 23. Rh3 Qf4 24. Rh2 Qxd2+ 25. Kxd2 f5 26. h5 fxe4 27. dxe4
Nf4 28. Ne1 Rf6 29. Kd1 Raf8 30. b4 a5 31. bxa5 Bxa3 32. g3 Ne6 33. a6 Rf2 34.
Rxf2 Rxf2 35. axb7 Rf8 36. Nf3 Bd6 37. b8=Q Rxb8 38. Kd2 Nc5 39. Ke2 Rb2 40. Nd2
Rxc2 41. Ke1 Rxd2 0-1

[Event "AUTO-OPEN-3167"]
[Site "http://www.queenalice.com/game.php?id=1248646"]
[Date "2014.1.16"]
[Round "1"]
[White "Janivgm"]
[Black "PeGaPraCaPa"]
[Result "1-0"]
[WhiteElo "1951"]
[BlackElo "1739"]

1. d4 d5 2. c4 Nf6 3. e3 Bg4 4. Nf3 Ne4 5. h3 Bxf3 6. Qxf3 Nf6 7. Nc3 e6 8. b3
Bb4 9. Bd2 Bxc3 10. Bxc3 Ne4 11. Bb2 c6 12. Bd3 Nf6 13. O-O b5 14. cxb5 Qa5 15.
bxc6 Nxc6 16. a3 Qd2 17. Qe2 Ne4 18. Rfd1 Qxe2 19. Bxe2 O-O 20. Rac1 Na5 21. b4
Nb3 22. Rc6 g6 23. Rd3 Nbd2 24. f3 Nc4 25. fxe4 Nxb2 26. Rdc3 Na4 27. Rc2 dxe4
28. g4 Nb6 29. Kg2 Nd5 30. Kf2 Rae8 31. b5 Nb6 32. Kg3 g5 33. h4 f6 34. hxg5 Nd5
35. gxf6 Rxf6 36. Rc8 Kf7 37. g5 Rf5 38. Bh5+ Kg7 39. Rxe8 Rxg5+ 40. Bg4 Nxe3
41. Rc7+ Kh6 42. Rxe6+ Rg6 43. Rxg6+ 1-0

[Event "AUTO-OPEN-3167"]
[Site "http://www.queenalice.com/game.php?id=1248647"]
[Date "2014.1.16"]
[Round "1"]
[White "PeGaPraCaPa"]
[Black "Janivgm"]
[Result "0-1"]
[WhiteElo "1758"]
[BlackElo "1965"]

1. e4 e5 2. Nc3 Nf6 3. Nf3 Nc6 4. a3 b6 5. Bb5 Bb7 6. Qe2 Qe7 7. Bxc6 Bxc6 8. d3
O-O-O 9. g4 Nxg4 10. h3 Nf6 11. Bg5 h6 12. Bxf6 gxf6 13. O-O-O Bg7 14. d4 Kb8
15. Qa6 f5 16. d5 Bb7 17. Qa4 fxe4 18. Nxe4 f5 19. Nc3 e4 20. Rhe1 Qf6 21. Nd4
h5 22. Re3 Bh6 23. d6 Qxd6 24. Ndb5 Qc5 25. Kb1 Bxe3 26. Rd5 Bxd5 27. fxe3 a5
28. b4 Qxe3 29. bxa5 c6 30. Nxd5 Qg1+ 31. Ka2 cxb5 32. Qxb5 Qc5 33. Qb3 b5 34.
a6 Qc4 35. Qxc4 bxc4 36. a4 Ka7 37. Nb4 e3 0-1

[Event "AUTO-OPEN-3171"]
[Site "http://www.queenalice.com/game.php?id=1250196"]
[Date "2014.1.21"]
[Round "1"]
[White "Fera65"]
[Black "PeGaPraCaPa"]
[Result "1-0"]
[WhiteElo "1497"]
[BlackElo "1731"]

1. e4 e5 2. Nf3 d6 3. Bc4 Bg4 4. h3 Bh5 5. d3 Be7 6. Nc3 c6 7. Be3 a5 8. g4 Bg6
9. d4 b5 10. Bd3 d5 11. Nxe5 Bb4 12. exd5 Qxd5 13. f3 Bxc3+ 14. Bd2 Bxd4 15.
Nxg6 hxg6 16. Be4 Qe6 17. c3 Bb6 18. Qe2 Ne7 19. O-O-O Qxa2 20. Rde1 a4 21. Bf4
Qa1+ 22. Kc2 Qa2 23. Bxb8 Qb3+ 24. Kc1 O-O 25. Bd6 Nd5 26. Bxd5 Qxd5 27. Bxf8
Rxf8 28. Kb1 a3 29. Rd1 1-0

[Event "AUTO-OPEN-3171"]
[Site "http://www.queenalice.com/game.php?id=1250197"]
[Date "2014.1.21"]
[Round "1"]
[White "PeGaPraCaPa"]
[Black "Fera65"]
[Result "1-0"]
[WhiteElo "1754"]
[BlackElo "1451"]

1. Nf3 Nc6 2. Nc3 e5 3. e4 Bc5 4. Bb5 Nd4 5. Nxe5 f6 6. Qh5+ g6 7. Nxg6 Nxc2+ 8.
Kd1 c6 9. Nxh8+ Ke7 10. Qxh7+ Kd6 11. Nf7+ Kc7 12. Nxd8 Nxa1 13. Qxg8 Kb6 14.
Bd3 Bxf2 15. b4 d6 16. Qf7 Bg4+ 17. Be2 Bxe2+ 18. Nxe2 Rxd8 19. Qxf6 Bh4 20.
Qxh4 Rh8 21. Qxh8 c5 22. Qd8+ Ka6 23. Qa5# 1-0

[Event "AUTO-OPEN-3171"]
[Site "http://www.queenalice.com/game.php?id=1250222"]
[Date "2014.1.21"]
[Round "1"]
[White "PeGaPraCaPa"]
[Black "mauricio_sm"]
[Result "0-1"]
[WhiteElo "1741"]
[BlackElo "2083"]

1. Nf3 Nf6 2. c4 e6 3. d3 Bb4+ 4. Bd2 Qe7 5. a3 Bxd2+ 6. Nbxd2 O-O 7. h3 b6 8.
d4 Bb7 9. Qb3 Ne4 10. Nxe4 Bxe4 11. Ne5 d6 12. Ng4 Nc6 13. Rd1 Na5 14. Qc3 c5
15. f3 Bg6 16. dxc5 dxc5 17. g3 Qc7 18. Kf2 Rad8 19. Rxd8 Rxd8 20. Bg2 Qd6 21.
Ne3 Qd4 22. Rd1 Qxe3+ 23. Qxe3 Rxd1 24. f4 Nxc4 25. Qf3 h6 26. h4 Rd4 27. h5 Be4
28. Qc3 Nd6 29. Qe1 Nf5 30. e3 Rc4 31. Bxe4 Rxe4 32. Qh1 Rc4 0-1

[Event "AUTO-OPEN-3171"]
[Site "http://www.queenalice.com/game.php?id=1250223"]
[Date "2014.1.21"]
[Round "1"]
[White "mauricio_sm"]
[Black "PeGaPraCaPa"]
[Result "1-0"]
[WhiteElo "2081"]
[BlackElo "1743"]

1. e4 e5 2. Nf3 d6 3. Bc4 Bg4 4. h3 Bh5 5. g4 Bg6 6. d3 a5 7. Nc3 c6 8. Bg5 Qb6
9. Bb3 Ne7 10. a3 Nc8 11. Qd2 Be7 12. Nh4 Nd7 13. Nf5 Bxf5 14. gxf5 Bf6 15. Bxf6
Nxf6 16. Qe3 Qxe3+ 17. fxe3 b5 18. Rg1 g6 19. O-O-O b4 20. Nb1 Ne7 21. Rdf1 d5
22. exd5 cxd5 23. fxg6 Nh5 24. gxf7+ Kd7 25. Rg5 a4 26. Ba2 b3 27. cxb3 Rac8+
28. Kd2 axb3 29. Bxb3 Rb8 30. Ba4+ Ke6 31. Rxh5 Ng6 32. b3 Rb7 33. Nc3 d4 34.
exd4 exd4 35. Ne4 1-0

[Event "Challenge"]
[Site "http://www.queenalice.com/game.php?id=1260148"]
[Date "2014.2.26"]
[Round "-"]
[White "Edmorf"]
[Black "PeGaPraCaPa"]
[Result "0-1"]
[WhiteElo "1533"]
[BlackElo "1729"]

1. e4 e5 2. Nf3 Nc6 3. Nc3 Nf6 4. d4 Bb4 5. Bd2 exd4 6. Nd5 Bxd2+ 7. Qxd2 Nxd5
8. exd5 Qe7+ 9. Be2 d6 10. Nxd4 Ne5 11. O-O O-O 12. Qf4 f5 13. Rae1 g5 14. Qc1
f4 15. Bd3 g4 16. g3 Qg7 17. Re4 f3 18. Ne6 Bxe6 19. dxe6 d5 20. Rb4 b6 21. Qe1
c5 22. Ra4 c4 23. Be2 Qh6 24. e7 Qh3 25. Bxf3 Nxf3+ 26. Kh1 Qxh2# 0-1

[Event "Challenge"]
[Site "http://www.queenalice.com/game.php?id=1267078"]
[Date "2014.3.22"]
[Round "-"]
[White "Excsiu"]
[Black "PeGaPraCaPa"]
[Result "1-0"]
[WhiteElo "1680"]
[BlackElo "1657"]

1. e4 c5 2. Nf3 d6 3. Bb5+ Nd7 4. d4 a6 5. Bd3 h6 6. dxc5 Nxc5 7. b4 Na4 8. c4
Bd7 9. Bc2 Nb6 10. a4 Nxc4 11. Qd5 Nb6 12. Qxb7 Qb8 13. Qxb8+ Rxb8 14. a5 Nc4
15. Bd3 Rxb4 16. Nbd2 Bb5 17. Bxc4 Bxc4 18. Nxc4 Rxc4 19. Nd2 Rc6 20. Rb1 Rc8
21. O-O Ra8 22. Nc4 e5 23. Ba3 Kd7 24. Rb7+ Ke6 25. Rd1 Nf6 26. Bxd6 Nxe4 27.
Rb6 Bxd6 28. Nxd6 Nxd6 29. Rdxd6+ Ke7 30. Rdc6 Ra7 31. Rxa6 Rxa6 32. Rxa6 Rc8
33. g3 Kd7 34. Ra7+ Rc7 35. Ra8 f6 36. a6 Kc6 37. Rb8 Ra7 38. Rb7 Rxb7 39. axb7
Kxb7 40. Kg2 f5 41. Kf3 g5 42. Ke2 Kc6 43. Ke3 g4 44. f3 Kd5 45. h4 h5 46. f4
1-0

[Event "AUTO-ADV-3154"]
[Site "http://www.queenalice.com/game.php?id=1284998"]
[Date "2014.5.30"]
[Round "1"]
[White "tango2011"]
[Black "PeGaPraCaPa"]
[Result "1-0"]
[WhiteElo "1649"]
[BlackElo "1737"]

1. d4 Nf6 2. e3 d5 3. Nf3 a6 4. Bd3 Bg4 5. h3 Bxf3 6. Qxf3 g6 7. O-O Bh6 8. b3
Nc6 9. Ba3 b5 10. Nd2 b4 11. Bb2 Qd6 12. c4 O-O-O 13. c5 Qe6 14. Qd1 Kb7 15. a3
Bxe3 16. Nf3 Bh6 17. axb4 Nxb4 18. Bc3 Nxd3 19. Qxd3 Ne4 20. Ne5 Ra8 21. f3 Nxc3
22. c6+ Kc8 23. Rxa6 Rxa6 24. Qxa6+ Kd8 25. Qa8+ Qc8 26. Nxf7+ 1-0

[Event "AUTO-ADV-3154"]
[Site "http://www.queenalice.com/game.php?id=1284999"]
[Date "2014.5.30"]
[Round "1"]
[White "PeGaPraCaPa"]
[Black "tango2011"]
[Result "0-1"]
[WhiteElo "1697"]
[BlackElo "1705"]

1. e4 c5 2. Nf3 d6 3. d4 cxd4 4. Nxd4 e5 5. Nb3 Nf6 6. Bg5 h6 7. Bxf6 Qxf6 8.
Bb5+ Bd7 9. Qd3 a6 10. Bc4 Qg5 11. Qf3 f6 12. N1d2 Bg4 13. Qg3 Be7 14. h3 Bd7
15. Qxg5 fxg5 16. Bd5 Nc6 17. c3 Rb8 18. O-O-O Nd8 19. Rde1 Be6 20. Na5 O-O 21.
f3 Bxd5 22. exd5 b6 23. Nab3 Nb7 24. g3 Rbc8 25. Kc2 a5 26. h4 a4 27. Nc1 Na5
28. Re4 b5 29. Ne2 Nc4 30. b3 axb3+ 31. Nxb3 Rxf3 32. Nd2 Ne3+ 33. Kb3 Rff8 34.
Rxe3 Bd8 35. Re4 Rf7 36. Rf1 Ra7 37. a3 Rca8 38. Nb1 Bb6 39. Rb4 Ra5 40. Ka2
gxh4 41. gxh4 Bc5 42. Rb3 Rb8 43. Nc1 b4 44. c4 e4 45. Ne2 Re8 46. Rg3 Rea8 47.
Kb3 bxa3 48. Ka2 Ra4 49. Rc3 Bb4 50. Rb3 Rb8 51. Rf4 e3 52. Rxe3 Bc5 53. Rb3
Rxb3 54. Nbc3 Rab4 55. Nd1 Rd3 56. Re4 Rxd1 0-1

[Event "AUTO-ADV-3154"]
[Site "http://www.queenalice.com/game.php?id=1285014"]
[Date "2014.5.30"]
[Round "1"]
[White "cucalegal"]
[Black "PeGaPraCaPa"]
[Result "1-0"]
[WhiteElo "1711"]
[BlackElo "1671"]

1. e4 e5 2. a4 Bb4 3. h4 Qf6 4. c3 Bc5 5. Nh3 d5 6. d4 exd4 7. cxd4 Bxh3 8. dxc5
Be6 9. exd5 Qe5+ 10. Be2 Bxd5 11. O-O Ne7 12. g3 Be4 13. Nc3 Bc6 14. Bf4 Qe6 15.
g4 Ng6 16. Bxc7 O-O 17. Bg3 h5 18. f4 Qe3+ 19. Kh2 Ne7 20. gxh5 Nf5 21. Rg1 Qxc5
22. Rc1 Qe3 23. Qf1 Qd2 24. h6 Nxh6 25. b3 Bd7 26. Rg2 Qd4 27. Bf3 Bc6 28. Bxc6
Nxc6 29. Ne2 Ng4+ 30. Kh3 Ne3 31. Nxd4 Nxf1 32. Rxf1 Nxd4 33. b4 Rfe8 34. Kg4
Rac8 35. Bf2 Re4 36. Kg3 Rc3+ 37. Kg4 f5+ 38. Kg5 Rf3 39. Bxd4 Rxf1 40. Bxg7
Rfxf4 41. Kf6 Rg4 42. Rxg4 fxg4 43. h5 Kh7 44. Bf8 a5 45. bxa5 Rf4+ 46. Kg5 Rxa4
47. Bd6 Rd4 48. Bf4 Rd5+ 49. Kxg4 Rxa5 50. Bc7 Rb5 51. Bf4 Rb4 52. Kf5 b5 53.
Ke5 Rb2 54. Kd5 Rc2 55. Kd4 1-0

[Event "AUTO-ADV-3154"]
[Site "http://www.queenalice.com/game.php?id=1285015"]
[Date "2014.5.30"]
[Round "1"]
[White "PeGaPraCaPa"]
[Black "cucalegal"]
[Result "0-1"]
[WhiteElo "1717"]
[BlackElo "1608"]

1. e4 e5 2. f4 exf4 3. Bc4 h5 4. b3 Qe7 5. Qf3 g5 6. Nh3 g4 7. Qxf4 gxh3 8. g3
Bh6 9. Qf3 Rh7 10. Bb2 d6 11. O-O Bg4 12. Qd3 Be6 13. Bd4 c5 14. Bb5+ Kf8 15. e5
Rg7 16. exd6 Qd8 17. Bxg7+ Bxg7 18. d7 Bxa1 19. c3 a6 20. Bc4 Bxc4 21. bxc4 Qxd7
22. Qf3 Nc6 23. Qxh5 Re8 24. Qxc5+ Re7 25. Rf3 Ke8 26. Kf2 Bb2 27. Re3 Rxe3 28.
Qxe3+ Kf8 29. Ke1 Qd6 30. d4 Nce7 31. c5 Qd5 32. Nd2 Qxa2 33. Kf2 Bc1 34. Ke1
Bxd2+ 35. Qxd2 Qb1+ 36. Kf2 Qf5+ 37. Ke1 Qe4+ 38. Kd1 Nf5 39. Kc1 Qe3 40. Kc2
Qxd2+ 41. Kxd2 Nxg3 42. Ke1 a5 43. d5 Ke7 44. c4 Ne4 45. Kd1 Ngf6 46. c6 bxc6
47. dxc6 Kd8 0-1

[Event "AUTO-ADV-3154"]
[Site "http://www.queenalice.com/game.php?id=1285026"]
[Date "2014.5.30"]
[Round "1"]
[White "PeGaPraCaPa"]
[Black "arthurgomes"]
[Result "0-1"]
[WhiteElo "1681"]
[BlackElo "1954"]

1. e4 e5 2. f4 exf4 3. Bc4 Qh4+ 4. Kf1 Nc6 5. Nf3 Qg4 6. Bd5 Bd6 7. c4 Nge7 8.
d4 Nxd5 9. exd5 Nxd4 10. Qxd4 O-O 11. Bd2 b6 12. Bc3 Bc5 13. Qd1 Be3 14. Bd4 d6
15. Nc3 a6 16. Ne4 Bf5 17. h3 Qh5 18. Bxe3 fxe3 19. g4 Bxg4 20. Kg2 Bf5 21. Ng3
Qg6 22. Nh4 Be4+ 23. Kh2 Qg5 24. Nxe4 Qxh4 25. Qg4 Qh6 26. Rhg1 f5 27. Qg5 Kh8
28. Qxh6 gxh6 29. Rg2 fxe4 30. Re1 Rf3 31. Ree2 Raf8 32. a4 h5 33. Rg5 Rf2+ 34.
Rg2 R2f3 35. b4 R8f4 36. c5 Rh4 37. Rg3 Rhf4 38. Rxe3 h4 39. Rgxf3 exf3 40. Kg1
f2+ 41. Kf1 Rxb4 42. Kxf2 bxc5 43. Re7 Rxa4 44. Rxc7 Rd4 45. Kf3 Rxd5 46. Kg4 a5
47. Kxh4 c4 48. Rxc4 Kg7 49. Ra4 h5 50. Rf4 Re5 51. Ra4 Kg6 52. Rd4 d5 53. Ra4
Re4+ 54. Rxe4 dxe4 55. Kg3 a4 0-1

[Event "AUTO-ADV-3154"]
[Site "http://www.queenalice.com/game.php?id=1285027"]
[Date "2014.5.30"]
[Round "1"]
[White "arthurgomes"]
[Black "PeGaPraCaPa"]
[Result "1-0"]
[WhiteElo "1959"]
[BlackElo "1676"]

1. e4 e5 2. Qh5 d6 3. Bc4 Nh6 4. h3 g6 5. Qf3 Bg7 6. d4 O-O 7. d5 Qh4 8. Nc3 Bg4
9. Qe3 Qh5 10. f3 Qh4+ 11. Qf2 Qxf2+ 12. Kxf2 Bd7 13. g4 f5 14. g5 Nf7 15. h4 f4
16. Nb5 Bxb5 17. Bxb5 a6 18. Ba4 b5 19. Bb3 Nd7 20. c3 Nc5 21. Bc2 h6 22. gxh6
Bxh6 23. b3 Nd7 24. Nh3 Rab8 25. Rg1 Kh7 26. Ng5+ Bxg5 27. hxg5 Rh8 28. Bd2 Kg7
29. Rg2 Rh5 30. Rag1 Rbh8 31. a4 Nf8 32. axb5 axb5 33. Bd3 b4 34. cxb4 Nh7 35.
Bb5 Rxg5 36. Bd7 Rxg2+ 37. Rxg2 Nfg5 38. Bc6 Nf7 39. Ba4 Ra8 40. Rg1 Nhg5 41.
Rc1 Ra7 42. b5 Nd8 43. Kg2 Ra8 44. Rxc7+ Kf6 45. Bb4 Ngf7 46. b6 Rb8 47. Ba5 Nb7
48. b4 g5 49. Bc6 Nfd8 50. Bd7 Kg6 51. Rc8 Rxc8 52. Bxc8 Kh5 53. Kh3 Kg6 54. Kg4
Kf6 55. Kh5 1-0

[Event "Challenge"]
[Site "http://www.queenalice.com/game.php?id=1287997"]
[Date "2014.6.13"]
[Round "-"]
[White "PeGaPraCaPa"]
[Black "Desaixmuiron"]
[Result "1-0"]
[WhiteElo "1735"]
[BlackElo "1218"]

1. e4 e6 2. d4 d5 3. Nc3 dxe4 4. Nxe4 h6 5. Bf4 a6 6. a3 b5 7. Be2 Nd7 8. d5 e5
9. Be3 Bb7 10. Bg4 Ngf6 11. Bxd7+ Qxd7 12. Nxf6+ 1-0